Statistics for American Teenager - Ethel Cain

Click here to take the quiz!

General Stats

  • This quiz has been taken 28 times
    (13 since last reset)
  • The average score is 324 of 350

Answer Stats

Answer% Correct
A
100%
a
100%
and
100%
And
100%
for
100%
For
100%
go
100%
good
100%
good)
100%
high-school
100%
I
100%
In
100%
in
100%
it
100%
kids
100%
light
100%
like
100%
me
100%
mean
100%
on
100%
out
100%
say
100%
Say
100%
street
100%
the
100%
The
100%
to
100%
want
100%
was
100%
what
100%
when
100%
When
100%
with
100%
yellow
100%
you
100%
your
100%
all
92%
alone
92%
American
92%
Another
92%
anyone
92%
anything
92%
believe
92%
bleachers
92%
box
92%
but
92%
But
92%
Crying
92%
day
92%
do
92%
don't
92%
dream
92%
faith
92%
fault
92%
(feel
92%
feel
92%
football
92%
from
92%
front
92%
Grew
92%
handle
92%
he
92%
here
92%
his
92%
if
92%
I'm
92%
it's
92%
It's
92%
Jesus
92%
just
92%
Just
92%
let
92%
lights
92%
make
92%
maybe
92%
middle
92%
more
92%
much
92%
my
92%
need
92%
night
92%
of
92%
once
92%
one
92%
Putting
92%
said
92%
so
92%
team
92%
there
92%
too
92%
under
92%
up
92%
Why
92%
you're
92%
at
83%
by
83%
came
83%
done
83%
fists
83%
fun
83%
give
83%
heart
83%
home
83%
liquor
83%
listening
83%
long
83%
neighbor's
83%
not
83%
probably
83%
red
83%
sorry
83%
taken
83%
this
83%
wanted
83%
(wasted)
83%
wasted
83%
again
75%
brother
75%
cold
75%
daddy
75%
Dale
75%
damn
75%
didn't
75%
doing
75%
full
75%
Hands
75%
Head
75%
morning
75%
off
75%
over
75%
room
75%
seemed
75%
Sunday
75%
then
75%
war
75%
well
75%
whiskey
75%
year
75%
always
67%
deliver
67%
faces
67%
knees
67%
standing
67%
still
67%

Score Distribution

Percentile by Number Answered

Percent of People with Each Score

Your Score History

You have not taken this quiz since the last reset